000
00300nam a2200133Ia 4500
005
20251222144843.0
008
251222s9999||||xx |||||||||||||| ||spa||
020
_a
9786124454971
082
_a
353.680.01/C46
245
0
_a
SÃntesis Regional
250
_a
1ra.ed.
264
_b
CEPLAN
942
_c
LIB
999
_c
21308
_d
21308